Свидетельство об избрании Никольского Б. В. почетным членом Корсунского отдела "Русской Московской монархической партии" и Киевс...

Доступно только в Электронных читальных залах Найти на картеНа карте
RUSMARC
00003855nac2a22002651x 450
0011b15abbd-e255-4183-9e34-9dd1f5f444de
00520130831091953.0
100##$a20130731l1906 k y0rusy50 ca
1010#$arus
102##$aRU
105##$ay z |||||
2001#$aСвидетельство об избрании Никольского Б. В. почетным членом Корсунского отдела "Русской Московской монархической партии" и Киевского отдела "Союза русского народа"
$j5 июля - 13 августа 1906
215##$a7 листов
251##$cДело
300##$aЛист 2: диплом, художественно оформлен; лист 1: квитанция; листы 6, 7: другие печатные издания
300##$aЧасть текста рукописная, часть - напечатана типографским способом
330##$aЖ. Смесь
461#0$10011c5950b4-9b17-43ad-92f1-e565a07ae223
$12001
$aНикольский Борис Владимирович, историк права, профессор Юрьевского и Петербургского университетов, один из руководителей главного совета "Русского собрания", поэт, критик
$1251
$cФонд
$1852
$j588
462#0$1001855f2cb0-80f8-42f6-88fa-41bf4837b2b7
$12001
$aНикольский Борис Владимирович. 1837-1919 гг.
$1251
$cОпись
$1852
$j1
600#1$aНикольский
$bБ. В.
$gБорис Владимирович
60102$aРусская Московская монархическая партия. Корсунский отдел
60102$aСоюз русского народа. Киевский отдел
801#0$aRU
$bGA_RF
801#1$aRU
$bНПО Опыт
$c20130731
$2rusmarc
801#2$aRU
$bПБ им. Б.Н. Ельцина
$c20130831
$gRCR
$2rusmarc
852##$aГА РФ
$j1509
937##$d31180678
$hПБ
035##$aRuPRLIB51010331
Формат отображения